Report of the Comptroller and Auditor General of India, no.3(Civil) of 1996 (Record no. 80289)
[ view plain ]
| 000 -LEADER | |
|---|---|
| fixed length control field | 00392nam a2200133Ia 4500 |
| 008 - FIXED-LENGTH DATA ELEMENTS--GENERAL INFORMATION | |
| fixed length control field | 230917s9999||||xx |||||||||||||| ||und|| |
| 040 ## - CATALOGING SOURCE | |
| -- | 188798 |
| Original cataloging agency | VIVEKANANDA LIBRARY |
| 041 ## - Language | |
| -- | English |
| 082 ## - DDC NUMBER | |
| Classification number | 657.45 H266R(1996)(3) |
| 100 ## - MAIN ENTRY--PERSONAL NAME | |
| Personal name | India, Comptroller and Auditor General |
| 245 #0 - TITLE STATEMENT | |
| Title | Report of the Comptroller and Auditor General of India, no.3(Civil) of 1996 |
| 300 ## - PHYSICAL DESCRIPTION | |
| Pages | xii,238 p. |
| 942 ## - ADDED ENTRY ELEMENTS (KOHA) | |
| Koha item type | Books |
| Withdrawn status | Lost status | Damaged status | Not for loan | Location (home branch) | Sublocation or collection (holding branch) | Date acquired | Koha issues (times borrowed) | Koha full call number | Accession No. | Koha date last seen | Koha item type |
|---|---|---|---|---|---|---|---|---|---|---|---|
| VIVEKANANDA LIBRARY | VIVEKANANDA LIBRARY | 13/09/2011 | 657.45 H266R(1996)(3) | 156842 | 17/09/2023 | Books |
